Responses for show #8189 - Thursday, March 26, 2020

Contestants

[<< previous game]

Evan Singer, a beverage packaging specialist from Vancouver, British Columbia, Canada

Susan Alden, a fundraising researcher from San Francisco, California

Adam Smith, a law student from Somerville, Massachusetts (whose 1-day cash winnings total $21,200)

[next game >>]

Jeopardy! Round responses

WORLD FACTBOOK TRAVEL FACTS
LYRICS OF TODAY
PARDON THE INTERJECTION
POLICE SQUAD
CHICAGO
THE PRESIDENTIAL SWEET
    $200 19
a funeral

Adam
    $200 3
whiskey

Adam
    $200 10
whoopee

Adam
    $200 14
Texas

Evan
    $200 13
The Windy City

Susan
    $200 25
fruitcake

Susan
    $400 22
shoes

Adam
    $400 6
"Old Town Road"

Evan
    $400 11
yoo hoo

Susan
    $400 17
D.A.R.E.

Susan
    $400 5
the Bulls and the Blackhawks

Evan
    $400 26
ice cream

Adam
    $600 28
[The end-of-round signal sounds.]

Monaco

Susan
    $600 7
Taylor Swift

Triple Stumper
    $600 12
good golly

Adam
    $600 18
(Adam: What is sheriff?)

marshal

Adam
Triple Stumper
    $600 1
Michigan Avenue

Adam
    $2,000 23
(Adam: What are Starbursts?)

jelly beans

Adam
    $800 8
Ariana Grande

Adam
    $800 15
avast

Evan
    $800 20
(Adam: Uh, what is the New York Transit Authority Police?)
...
(Alex: You gave us too much information.)

the Transit Bureau

Adam
Triple Stumper
    $800 2
a nuclear chain reaction

Evan
    $800 27
mousse

Adam
    $1000 9
(Alex: Yep, and I did it exactly like she does, didn't I?)
[Laughter]

Lizzo

Evan
    $1000 16
yowza

Adam
    $1000 21
the California Highway Patrol

Susan
    $1000 4
the Adler Planetarium

Adam
    $1000 24
(Alex: Right, with less than a minute to go.)

peanut brittle

Susan

Scores at the first commercial break (after clue 15):

Adam Susan Evan
$3,400 $600 $3,600

Scores at the end of the Jeopardy! Round:

Adam Susan Evan
$2,800 $3,800 $3,600

Double Jeopardy! Round responses

ANGELS
1815
"OO", SORRY
SHE PLAYED 'EM ON TV
AMERICAN AUTHORS
LOOKING FOR A GOOD TIME?
    $400 12
sing

Susan
    $400 24
(Alex: Less than a minute now.)

flossing

Susan
    $400 2
footloose

Susan
    $400 3
(Susan: Who is Theissen?)

Mindy Kaling

AdamSusan
    $400 20
Grisham

Evan
    $400 1
calligraphy

Evan
    $800 13
a guardian angel

Adam
    $800 5
the Sooner State

Adam
    $800 4
Claire Danes

Susan
    $800 21
(Margaret) Mitchell

Susan
    $800 16
Big Brothers Big Sisters

Adam
    $4,000 14
Joseph Smith

Adam
    $1200 6
bamboo

Evan
    $1200 9
Michelle Williams

Susan
    $1200 22
(James Fenimore) Cooper

Adam
    $1200 17
an Iron Man triathlon (triathlon)

Evan
    $1600 15
(Evan: Where is San Fernando?)

the San Gabriel Valley

Evan
Triple Stumper
    $1600 7
a saloon

Adam
    $1600 10
(Julie) Kavner

Susan
    $1600 23
Larry McMurtry

Triple Stumper
    $1600 18
pottery

Evan
    $2000 25
(Adam: Who is Paul or Saul?)

Jacob

AdamEvan
    $3,000 26
(Alex: Say something.)
(Evan: I don't know.)

the Barbary pirates

Evan
    $2000 8
booster rockets

Triple Stumper
    $2000 11
Diahann Carroll

Susan
    $2000 27
[The end-of-round signal sounds.]

Albany

Triple Stumper
    $2000 19
numismatics

Susan

Scores at the end of the Double Jeopardy! Round:

Adam Susan Evan
$10,400 $13,000 $5,800

[wagering suggestions for these scores]

Final Jeopardy! Round responses

WESTERN HEMISPHERE GEOGRAPHY
EvanWhat are Mexico, Guatemala & Ecuador
$599
AdamWhat are Mexico, El Salvador, & Panama
$10,400
SusanWhat are Mexico, Guatemala, Honduras
$5,001
Mexico, Guatemala & Belize

Final scores:

Adam Susan Evan
$0 $7,999 $5,201
3rd place: $1,000 New champion: $7,999 2nd place: $2,000

Game dynamics:

Coryat scores:

Adam Susan Evan
$9,600 $13,000 $8,800
18 R
(including 1 DD),
4 W
(including 1 DD)
16 R,
1 W
12 R,
2 W
(including 1 DD)

Combined Coryat: $31,400

The J! Archive is created by fans, for fans. The Jeopardy! game show and all elements thereof, including but not limited to copyright and trademark thereto, are the property of Jeopardy Productions, Inc. and are protected under law. This website is not affiliated with, sponsored by, or operated by Jeopardy Productions, Inc. Join the discussion at JBoard.tv.